| 000 | 01587nam a22003015i 4500 | ||
|---|---|---|---|
| 001 | 17910751 | ||
| 003 | GKHJTNYIE | ||
| 005 | 20220326193247.0 | ||
| 008 | 131011s2012 cr 000 0 spa | ||
| 020 | _a9789968475211 | ||
| 035 | _a(NcChVT)VT132CR154 | ||
| 040 |
_aDLC _beng _cDLC _erda |
||
| 082 |
_a862.5 _bC198d |
||
| 100 | 1 |
_aCampos, Arturo. _9314 |
|
| 245 | 1 | 0 |
_aDramaturgia costarricense : _bexpresiones escénicas emergentes / _cArturo Campos, Ricardo Lobo y Mabel Marín ; edición y prólogo: Adolfo Albornoz. |
| 250 | _a1a ed. | ||
| 264 | 1 |
_aSan José : _bEditorial Arlekín, _c2012. |
|
| 300 |
_a150 pages ; _c21 cm |
||
| 336 |
_atext _2rdacontent |
||
| 337 |
_aunmediated _2rdamedia |
||
| 338 |
_avolume _2rdacarrier |
||
| 505 |
_tPrologo "Generación Emergente": La Dramaturgia costarricense del siglo XXI/ Adolfo Albornoz _tTe echare de menos/ Arturo Campos _tProyectos incompletos/ Ricardo Lobo _tEntre el Humo y la Lluvia (A partir de las obras "El zoológico de cristal, Un tranvía llamado deseo, Verano, humo y Háblame como la lluvia y déjame escuchar de Tennessee Williams")/ Mabel Marin |
||
| 520 | _aThree works by young Costa Rican playwrights of the 21st century: Campos' "Te Echaré de Menos", Lobo's "Proyectos Incompletos", and Marín's "Entre el Humo y la Lluvia". Also includes an introductory essay on this new generation of playwrights. | ||
| 650 |
_aTeatro _xTeatro costarricense _xliteratura _zCosta Rica _9315 |
||
| 700 |
_aArturo Campos, Ricardo Lobo y Mabel Marín _9316 |
||
| 906 |
_a0 _bibc _corigres _du _encip _f20 _gy-gencatlg |
||
| 999 |
_c61 _d61 |
||